| Tag |
First Indicator |
Second Indicator |
Subfields |
| LEADER |
00000nam a2200000Ia 4500 |
| 001 |
in00004183421 |
| 005 |
20200807085256.0 |
| 006 |
m g d |
| 007 |
cr bn |||a|bb| |
| 008 |
130411s1640 enk o 000 0 eng d |
| 040 |
|
|
|a UMI
|c UMI
|e dcrmb
|
| 035 |
|
|
|a (OCoLC)838150588
|
| 037 |
|
|
|a CL0036000090
|b ProQuest, 789 E. Eisenhower Parkway, Ann Arbor, MI 48108-3218
|
| 043 |
|
|
|a e-uk-en
|
| 090 |
|
|
|a JN505
|b .C38 1640
|
| 049 |
|
|
|a UMIA
|
| 245 |
0 |
2 |
|a A catalogve of the dvkes, marquesses, earles, viscounts, bishops, barons, that sit in this Parliament. Begun at Westminster the 3. of November, 1640..
|
| 246 |
3 |
|
|a Catalogue of the dukes, marquesses, earles, viscounts, bishops, barons, that sit in this Parliament
|
| 260 |
|
|
|a London, :
|b Printed for Thomas Walkley, and are to bee sold at his shop, at the signe of the flying Horse, betweene Brittains Bursse, and Yorke House,
|c 1640.
|
| 300 |
|
|
|a 1 online resource ([2], 11 pages)
|
| 336 |
|
|
|a text
|b txt
|2 rdacontent
|
| 337 |
|
|
|a computer
|b c
|2 rdamedia
|
| 338 |
|
|
|a online resource
|b cr
|2 rdacarrier
|
| 500 |
|
|
|a In this edition, pages 7, line 22 has blank left for bishop's name. Cf. ESTC.
|
| 500 |
|
|
|a Printer's ornament on t.p.; initial.
|
| 500 |
|
|
|a Signatures: A⁸.
|
| 500 |
|
|
|a Reproduction of original in: Balliol College (University of Oxford). Library.
|
| 510 |
4 |
|
|a STC (2nd edition),
|c 7746.11
|
| 510 |
4 |
|
|a ESTC,
|c S91837
|
| 533 |
|
|
|a Electronic reproduction.
|b Ann Arbor, Mich. :
|c UMI,
|d 1999-
|f (Early English books online)
|n Digital version of: (Early English books, 1475-1640 ; 2410:10)
|7 s1999 miun s
|
| 650 |
|
0 |
|a Nobility
|z England
|v Registers
|v Early works to 1800.
|
| 700 |
1 |
|
|a Walkley, Thomas,
|d d. 1658?,
|e bookseller.
|
| 710 |
1 |
|
|a England and Wales.
|b Parliament.
|b House of Lords.
|
| 752 |
|
|
|a Great Britain
|b England
|d London.
|
| 830 |
|
0 |
|a Early English books online.
|
| 856 |
4 |
0 |
|u http://proxy.library.tamu.edu/login?url=https://search.proquest.com/docview/2240897070
|z Connect to the full text of this electronic book
|t 0
|
| 994 |
|
|
|a 01
|b UMI
|
| 999 |
f |
f |
|s dcf8768b-8a0a-3cf9-a9b5-37ff3d3d228a
|i b81a2dc6-e36a-37b4-a764-e025624235e4
|t 0
|
| 952 |
f |
f |
|a Texas A&M University
|b College Station
|c Electronic Resources
|d Available Online
|t 0
|e JN505 .C38 1640
|h Library of Congress classification
|
| 998 |
f |
f |
|a JN505 .C38 1640
|t 0
|l Available Online
|